Great job for theater majors
Every college major gives students valuable skills and training, perfect for a wide range of careers. The Great Jobs for Theater Majors helps you assess your talents and skills for a job, target the perfect career, tailor your job search, present college majors as workplace assets, and much more!
Сохранить в:
| Главный автор: | |
|---|---|
| Формат: | |
| Язык: | Undetermined |
| Опубликовано: |
New York, NY.
McGraw-Hill
2004
|
| Предметы: | |
| Метки: |
Добавить метку
Нет меток, Требуется 1-ая метка записи!
|
| Thư viện lưu trữ: | Trung tâm Học liệu Trường Đại học Cần Thơ |
|---|
| LEADER | 00832nam a2200217Ia 4500 | ||
|---|---|---|---|
| 001 | CTU_112779 | ||
| 008 | 210402s9999 xx 000 0 und d | ||
| 020 | |c 258000 | ||
| 082 | |a 792.0293 | ||
| 082 | |b G618 | ||
| 100 | |a Goldberg, Jan | ||
| 245 | 0 | |a Great job for theater majors | |
| 245 | 0 | |c Jan Goldberg | |
| 260 | |a New York, NY. | ||
| 260 | |b McGraw-Hill | ||
| 260 | |c 2004 | ||
| 520 | |a Every college major gives students valuable skills and training, perfect for a wide range of careers. The Great Jobs for Theater Majors helps you assess your talents and skills for a job, target the perfect career, tailor your job search, present college majors as workplace assets, and much more! | ||
| 650 | |a Theater | ||
| 650 | |x Vocational guidance | ||
| 904 | |i Minh | ||
| 980 | |a Trung tâm Học liệu Trường Đại học Cần Thơ | ||